Schematismus Venerabilis Cleri Dioecesis Rosnaviensis

Bibliographic Details
Format: Serial
Language:English
Published: Strigonii Typis Gustavi Buzárovits

MARC

LEADER 00000nas a2200000 a 4500
001 vtls012288741
003 SK-MaSNL
005 20260221112641.0
008 251209c1883 hu mr1 0 0eng d
040 |a SNK  |b slo  |c SNK 
245 0 0 |a Schematismus Venerabilis Cleri Dioecesis Rosnaviensis 
260 |a Strigonii  |b Typis Gustavi Buzárovits 
500 |a Popis podľa: Rok 1883 
910 |a snk 
999 |c 780  |d 2710 
952 |0 0  |1 0  |3 rekatalogizácia  |4 0  |7 0  |8 5  |a SNK  |b SNK  |d 2025-12-09  |i snkF 4980/80  |l 0  |o snkČSD 41/1883  |p 17A0729035  |r 2026-02-21 20:12:14  |t R. 1883  |w 2026-02-21  |y PREZ  |z R. 1883 
952 |0 0  |1 0  |3 rekatalogizácia  |4 0  |7 0  |8 5  |a SNK  |b SNK  |d 2025-12-09  |i snkF 4927/80  |l 0  |o snkČSD 41/1901  |p 17A0729037  |r 2026-02-21 20:12:14  |t R. 1901  |w 2026-02-21  |y PREZ  |z R. 1901 
952 |0 0  |1 0  |3 rekatalogizácia  |4 0  |7 0  |8 3  |a SNK  |b SNK  |d 2025-12-09  |i snkČSK 58/58  |l 0  |o snkČSD 41/1906  |p 17A0729038  |r 2026-02-21 20:12:14  |t R. 1906  |w 2026-02-21  |y PREZ  |z R. 1906 
952 |0 0  |1 0  |3 rekatalogizácia  |4 0  |7 0  |8 5  |a SNK  |b SNK  |d 2025-12-09  |i snkF 4981/80  |l 0  |o snkČSD 41/1913  |p 17A0729039  |r 2026-02-21 20:12:14  |t R. 1913  |w 2026-02-21  |y PREZ  |z R. 1913 
952 |0 0  |1 0  |4 0  |7 0  |8 5  |a SNK  |b SNK  |d 2026-02-04  |i snkF 34/81  |l 0  |o snkČSD 41/1906 D1  |p 17A1318201  |r 2026-02-21 20:17:53  |w 2026-02-21  |y PREZ